Datum a čas kvízu
34.5
Celkem bodů
Celkový počet nahraných bodů na tomto kvízu bez doplňovacích otázek.
8.
Pořadí na kvízu
Konečné umístění týmu na tomto kvízu.
Zaznamenané odpovědi
| # | Otázka | Odpověď | Body | Výsledky |
|---|---|---|---|---|
| 1. | Která oceňovaná česká stavba o... | vysílač a hotel na Ještědu | 1 | |
| 2. | Jak nazvali italští meteorolog... | Kerberos | 1 | |
| 3. | V úterý nás opustil Milan Kund... | 94. narozeniny, Francie | 1 | |
| 4. | Minulý týden rozhodla česká vl... | kratom, HHC (hexahydrokanabinol) | 1 | |
| 5. | Senzační cestu za wimbledonský... | v Sokolově | 1 | |
| 6. | Průkopník teorie raketových le... | D | 1 | |
| 7. | Ve kterém roce došlo k vypuště... | 1957 (Sputnik 1), 1961 (Gagarin) | 1 | |
| 8. | Který americký prezident v rea... | John Fitzgerald Kennedy | 1 | |
| 9. | Na fotografii je sovětská vesm... | na Venuši | 1 | |
| 10. | Na území kterého státu USA se... | Florida | 1 |